000 00476nam a2200181Ia 4500
001 8377
003 GE_BSU
008 181216s||||||||xx |||||||||||||| ||und||
040 _cGE_BSU
080 _a821.353.1
100 _aერისთავი,რაფიელ
245 _aლექსები
245 _cრედ.რადიანი შ.
260 _aთბილისი
300 _a161 გვ.21სმ.
653 _aლექსები
942 _cBK
999 _c41700
_d41700